El mundo de Carnegie Hall
Salvato in:
| Autore principale: | |
|---|---|
| Natura: | Libro |
| Lingua: | spagnolo |
| Pubblicazione: |
Ciudad de México
Letras
1967
|
| Soggetti: | |
| Tags: |
Aggiungi Tag
Nessun Tag, puoi essere il primo ad aggiungerne!!
|
MARC
| LEADER | 00000nam a2200000 a 4500 | ||
|---|---|---|---|
| 001 | UCY7884 | ||
| 003 | CL-VaPUC | ||
| 008 | 950622e19670000MX |||||||||||||||||spa|d | ||
| 082 | 0 | 4 | |a 725.81 |b SCH |2 21 |
| 100 | 0 | |a Schickel, Richard |e author |9 338758 | |
| 245 | 1 | 3 | |a El mundo de Carnegie Hall |
| 300 | |a 390 p | ||
| 942 | |c BK | ||
| 945 | |d 19950622 00:00:00 |a rbrito | ||
| 260 | |a Ciudad de México |b Letras |c 1967 | ||
| 600 | 0 | 7 | |a CARNEGIE-HALL |2 CL-VaPUC |9 338759 |
| 650 | 0 | |a Teatro |9 265385 | |
| 650 | 0 | |a Historia |9 255047 | |
| 650 | 7 | |a OPERA |2 CL-VaPUC |9 338760 | |
| 650 | 7 | |a MUSIC-HALL |2 CL-VaPUC |9 338761 | |
| 650 | 7 | |a COMEDIA MUSICAL |2 CL-VaPUC |9 338762 | |
| 650 | 7 | |a CONCIERTOS MUSICALES |2 CL-VaPUC |9 338763 | |
| 650 | 0 | |a Actividades culturales |9 335506 | |
| 651 | 0 | |a Estados Unidos |9 255178 | |
| 583 | |a last modification |c 19950622 00:00:00 |k Rodrigo Vera | ||
| 999 | |c 235183 |d 235181 | ||
| 952 | |0 0 |1 0 |4 0 |6 725_810000000000000_SCH_1967 |7 0 |8 A |9 242415 |a BIBART |b BIBART |d 2019-11-18 |i 3097854 |o 725.81 SCH 1967 |p 3097854 |r 2025-03-13 |w 2019-11-18 |y BK |k ART | ||